Sports Quiz

Random Sports or Olympics Quiz

Olympic Track and Field Events Quiz Stats

 Plays Quiz Updated Apr 5, 2019

Score 0/26 Timer 03:00
2 Plays Today
Category % Correct
Sprint100 meter dash
95.5%
Jumplong jump
93.4%
Throwjavelin throw
93.4%
Sprint200 meter dash
93.2%
Sprint400 meter dash
92.1%
Jumphigh jump
91.6%
Throwdiscus throw
91.2%
Throwshot put
90.8%
Jumptriple jump
83.3%
Middle Distance800 meter run
79.7%
Throwhammer throw
79.2%
Relay4x100 meter relay
77.2%
Jumppole vault
74.5%
Category % Correct
Distance10000 meter run
72.4%
Relay4x400 meter relay
72.3%
Distance5000 meter run
71.3%
Distancemarathon
71%
Middle Distance1500 meter run
68.6%
Hurdle100 meter hurdles (women)
63.3%
Hurdle110 meter hurdles (men)
62.3%
Hurdle400 meter hurdles
61.6%
Combined Eventsdecathlon (men)
61.1%
Combined Eventsheptathlon (women)
48.7%
Other3000 meter steeplechase
42.9%
Walk20 kilometer walk
36.8%
Walk50 kilometer walk (men)
34.1%

You're not logged in!

Compare scores with friends on all Sporcle quizzes.
OR
Log In

Sporcle TV

Today on Sporcle TV


Watch our educational content, quiz creation guides, and fun videos on Sporcle TV.

Show Comments

Extras

Top Quizzes Today


Score Distribution

Your Account Isn't Verified!

In order to create a playlist on Sporcle, you need to verify the email address you used during registration. Go to your Sporcle Settings to finish the process.

Report this User

Report this user for behavior that violates our Community Guidelines.

Details: